Za vincúrom Vincom (Vincovi Šikulovi pri príležitosti Vínnej cesty 2003)

Bibliographic Details
Main Author: Trtol, Jozef, 1956- (Author)
Format: Article
Language:Slovak
ISSN:1335-7786
Subjects:

MARC

LEADER 00000nab a2200000 a 4500
001 vtls001561309
003 SK-MaSNL
005 20260304142017.0
008 250505c2005 xo mr|p|||||||000 b|slo
015 |a SNBRB2005/04  |2 snkbucl 
035 |a (uuid)49c49f10-7c61-47fa-9a63-b42a9fdf2148 
035 |a urn:nbn:sk:snk-abes4t 
035 |a (urnnbn)urn:nbn:sk:snk:ar-000832 
038 |a SNKBUCL 
040 |a SNKBUCL  |b slo  |c SNKBUCL  |e AACR2 
041 0 |a slo 
044 |a xo  |c SK 
080 |a 821.162.4-1  |2 1997 
100 1 |a Trtol, Jozef,  |d 1956-  |4 aut  |9 114158 
245 1 0 |a Za vincúrom Vincom  |b (Vincovi Šikulovi pri príležitosti Vínnej cesty 2003)  |c Jozef Trtol 
600 1 7 |a Šikula, Vincent,  |d 1936-2001  |2 snkbucl  |9 103083 
655 7 |a slovenská poézia  |2 snkbuc  |9 70444 
655 7 |a dedikačná poézia  |2 snkbucl  |9 240053 
655 7 |a články z novín a časopisov  |2 snkbucl  |9 267496 
655 7 |a články z odboru literárna veda a krásna literatúra  |2 snkbucl  |9 770045 
773 0 |t Slovenské pohľady  |g Roč. IV+121, č. 1 (2005), s. 69  |x 1335-7786 
850 |a Slovenská národná knižnica 
852 |a Slovenská národná knižnica 
958 |a article27 
958 |a LX 
958 |a OND 
958 |a EUIPO 
999 |c 2920175  |d 2922105